| 000 | 00444 a2200169 4500 | ||
|---|---|---|---|
| 001 | 85708 | ||
| 020 | _a9780070661103 | ||
| 082 | _a629.13236 NEL | ||
| 090 |
_c40162 _d40161 |
||
| 100 | _aRobert C Nelson | ||
| 245 |
_aFlight Stability and Automatic Control 2nd/ED _cRobert C Nelson |
||
| 250 | _a2 nd | ||
| 260 |
_aNew Delhi _bTata McGraw-Hill _c2011 |
||
| 300 | _axii 441 p | ||
| 500 | _aCAE Reference Books | ||
| 505 | _aNUST Books | ||
| 942 |
_aNUST-CAE _k629.13236 NEL |
||
| 999 |
_c320781 _d320781 |
||